Science Quiz

Random Science or Letter Quiz
Score 0/44 Timer 07:00
0 Plays Today
Element % Correct
Manganese
92.8%
Einsteinium
90.4%
Lithium
90.4%
Magnesium
88%
Nitrogen
85.5%
Sulfur
85.5%
Erbium
83.1%
Tin
81.9%
Europium
80.7%
Mercury
80.7%
Selenium
80.7%
Lanthanum
79.5%
Neon
79.5%
Titanium
79.5%
Lead
78.3%
Tungsten
77.1%
Silicon
77.1%
Molybdenum
75.9%
Nickel
75.9%
Strontium
74.7%
Moscovium
74.2%
Lawrencium
73.5%
Element % Correct
Thallium
73.5%
Mendelevium
72.3%
Lutetium
71.1%
Niobium
71.1%
Tantalum
71.1%
Livermorium
70.4%
Thorium
69.9%
Scandium
69.9%
Sodium
69.9%
Meitnerium
68.7%
Neptunium
68.7%
Nihonium
67.7%
Tennessine
67.7%
Thulium
67.5%
Seaborgium
67.5%
Neodymium
66.3%
Tellurium
66.3%
Nobelium
65.1%
Samarium
65.1%
Silver
65.1%
Technetium
60.2%
Terbium
60.2%
Remove Ads.
Support Sporcle.
Get the best of Sporcle when you Go Orange. This ad-free experience offers more features, more stats, and more fun while also helping to support Sporcle. Thank you for becoming a member.

You're not logged in!

Compare scores with friends on all Sporcle quizzes.
OR
Log In

Show Comments

Extras

Top Quizzes Today


Score Distribution

Your Account Isn't Verified!

In order to create a playlist on Sporcle, you need to verify the email address you used during registration. Go to your Sporcle Settings to finish the process.

Report this User

Report this user for behavior that violates our Community Guidelines.

Details: